Central Library OPAC University of Rajshahi

Contemporary schools of psychology / (Record no. 29729)

MARC details
000 -LEADER
fixed length control field 00809nam a2200253 a 4500
001 - CONTROL NUMBER
control field 29729
003 - CONTROL NUMBER IDENTIFIER
rucl marc code BD-RjUL
005 - DATE AND TIME OF LATEST TRANSACTION
control field 20211209051442.0
008 - FIXED-LENGTH DATA ELEMENTS--GENERAL INFORMATION
fixed length control field 140407r19671964nyuac b 001 0 eng d
035 ## - SYSTEM CONTROL NUMBER
System control number (BD-RjUL)29814
040 ## - CATALOGING SOURCE
Original cataloging agency DLC
Transcribing agency DLC
Modifying agency DLC
-- BD-RjUL
Language of cataloging eng
041 ## - LANGUAGE CODE
Language code of text/sound track or separate title eng
082 04 - DEWEY DECIMAL CLASSIFICATION NUMBER
Classification number 150.19
Author mark and year WOC
100 1# - MAIN ENTRY--PERSONAL NAME
Personal name Woodworth, Robert Sessions,
Dates associated with a name 1869-1962.
9 (RLIN) 89352
245 10 - TITLE STATEMENT
Title Contemporary schools of psychology /
Statement of responsibility, etc. by Robert S. Woodworth in collaboration with Mary R. Sheehan.
260 ## - PUBLICATION, DISTRIBUTION, ETC. (IMPRINT)
Place of publication, distribution, etc. New York :
Name of publisher, distributor, etc. Methuen & col.,
Date of publication, distribution, etc. c1964 [reprinted 1965,1967,1971].
300 ## - PHYSICAL DESCRIPTION
Pagination viii, 457 p. :
Illustrations ill. ;
Size 24 cm.
504 ## - BIBLIOGRAPHY, ETC. NOTE
Bibliography, etc includes index.
650 #0 - SUBJECT ADDED ENTRY--TOPICAL TERM
Topical term or geographic name as entry element Psychology.
9 (RLIN) 90523
700 1# - ADDED ENTRY--PERSONAL NAME
Personal name Sheehan, Mary Rose,
Dates associated with a name 1904-
942 ## - ADDED ENTRY ELEMENTS (KOHA)
Source of classification or shelving scheme Dewey Decimal Classification
Koha item type Books
Holdings
Lost status Source of classification or shelving scheme Damaged status Not for loan Collection code Permanent Location Current Location Shelving location Date acquired Source of acquisition Cost, normal purchase price Total Checkouts Full call number Date last seen Copy number Koha item type Date checked out Total Renewals
  Dewey Decimal Classification     Non-fiction Central Library, University of Rajshahi Central Library, University of Rajshahi   06/05/1968 zeithinger 45.00   150.19 WOC 1967 07/04/2014 C-10 Books    
  Dewey Decimal Classification     Non-fiction Central Library, University of Rajshahi Central Library, University of Rajshahi   06/05/1968 Zeitlinger 45.00   150.19 WOC 1967 07/04/2014 C-9 Books    
  Dewey Decimal Classification     Non-fiction Central Library, University of Rajshahi Central Library, University of Rajshahi   06/05/1968 zeithinger 45.00 1 150.19 WOC 1967 11/10/2018 C-8 Books 29/03/2018  
  Dewey Decimal Classification     Non-fiction Central Library, University of Rajshahi Central Library, University of Rajshahi   06/05/1968 zeithinger 45.00 2 150.19 WOC 1967 18/04/2016 C-7 Books 31/03/2016  
  Dewey Decimal Classification     Non-fiction Central Library, University of Rajshahi Central Library, University of Rajshahi   06/05/1968 zeithinger 45.00 3 150.19 WOC 1971 18/09/2019 C-6 Books 02/09/2019  
  Dewey Decimal Classification     Non-fiction Central Library, University of Rajshahi Central Library, University of Rajshahi   06/05/1968 Zeitlinger 45.00   150.19 WOC 1967 10/04/2014 C-5 Books    
  Dewey Decimal Classification   Not For Loan Non-fiction Central Library, University of Rajshahi Central Library, University of Rajshahi Reading Room 25/06/1967 Zeitlinger 33.75   150.19 WOC 1965 08/12/2014 C-1 Books    
  Dewey Decimal Classification     Non-fiction Central Library, University of Rajshahi Central Library, University of Rajshahi   06/05/1968 Zeitlinger 45.00 2 150.19 WOC 1967 16/05/2018 C-2 Books 17/04/2018 1
  Dewey Decimal Classification     Non-fiction Central Library, University of Rajshahi Central Library, University of Rajshahi   06/05/1968 Zeitlinger 45.00 3 150.19 WOC 1967 09/08/2018 C-3 Books 24/07/2018  
  Dewey Decimal Classification     Non-fiction Central Library, University of Rajshahi Central Library, University of Rajshahi   06/05/1968 Zeitlinger 45.00 2 150.19 WOC 1967 23/03/2016 C-4 Books 07/03/2016